Super Smash Bros. Fighters #43 - The Toon Link Quiz - Statistics

General Stats
  • This quiz has been taken 133 times
  • The average score is 10 of 18
Answer Stats
Hint Answer % Correct
What is the more well remembered sequel to the above game? The Legend of Zelda: Spirit Tracks
91%
Mysterious pirate captain that helps Link rescue his kidnapped sister. Tetra
87%
What GameCube game is Toon Link best known for? The Legend of Zelda: The Wind Waker
87%
What is the main method of transportation in this game? Train
86%
Toon Link stars in this critically-mixed 2007 DS game. The Legend of Zelda: Phantom Hourglass
84%
What game does Toon Link first appear in? The Legend of Zelda: Four Swords
73%
What is Link’s occupation in this game? Engineer
72%
Who was the main villain in that game? Vaati
60%
What is the ship that Link rode on for most his adventure in this game? King of Red Lions
57%
What is the name of the island Link lived on in that game? {Outset} Island
54%
Who are Link’s main companions in this game? Linebeck
51%
Who is Toon Link’s sister? Aryll
48%
Before Cappy, THIS was a Nintendo fan’s favourite hat buddy. Ezlo
45%
Where in this game are Phantoms most commonly found? Temple of the {Ocean} {King}
36%
What tower serves a central dungeon in this game? Tower of Spirits
27%
Who are Link’s main companions in this game? Ciela
25%
What weapons does Toon Link use in Hyrule Warriors? {Sand} Wand
19%
What weapons does Toon Link use in Hyrule Warriors? {Light} Sword
7%
No matching quizzes found
Score Distribution
Percent of People with Each Score
Percentile by Number Answered
Your Score History
You have not taken this quiz